Adding Decimals Quiz - Statistics

General Stats
  • This quiz has been taken 802 times
    801 since last reset
  • The average score is 9 of 10
Answer Stats
Problem Answer % Correct
16.2 + 2.4 = 18.6
100%
9.5 + 2.2 = 11.7
92%
45.2 + 3.2 = 48.4
92%
53.5 + 9 = 62.5
92%
8.02 + 1.42 = 9.44
92%
5.45 + 6.52 = 11.97
91%
1.23 + 4.56 = 5.79
91%
2.52 + 1.5 = 4.02
90%
34.12 + 24.2 = 58.32
90%
1.72 + 6.4 = 8.12
90%
No matching quizzes found
Score Distribution
Percent of People with Each Score
Percentile by Number Answered
Your Score History
You have not taken this quiz since the last reset